000 00676nam a22002057a 4500
005 20240320103256.0
008 240320b ||||| |||| 00| 0 eng d
020 _a9789388176675
040 _cAIMIT LIBRARY
082 _21
_a519.54
_bNIGM
100 _aNigam, Manisha.
_9155576
245 _aData analysis with excel /
_cBy Manisha Nigam.
250 _a1st ed.
260 _aNew Delhi :
_bBPB Publication ,
_c2023.
300 _axiii,332 p.;
_bPB
_c23.7 cm.
650 _aUnderstanding worksheet basics
_9155577
650 _aPerform functions with shortcut keys
_9155578
650 _aData visualization with new chart types
_9155579
942 _2ddc
_cBK
_e1
_k519.54 NIGM
999 _c230572
_d230572